| 000 | 00632cam a22002172 4500 | ||
|---|---|---|---|
| 001 | l 25000112 | ||
| 003 | DLC | ||
| 005 | 20260227111530.0 | ||
| 008 | 820716s1921 gw 000 0 ger | ||
| 010 | _al 25000112 | ||
| 040 |
_aDLC _cCarP _dDLC |
||
| 043 | _ae-gx--- | ||
| 050 | 0 | 0 |
_aHD7029 _b.K8 |
| 100 | 1 |
_aKuczynski, Robert René, _d1876-1947. |
|
| 245 | 1 | 4 | _aDas existenzminimum und verwandte fragen, |
| 260 |
_aBerlin, _bH. R. Engelmann, _c1921. |
||
| 300 |
_a3 p. l., 137 p. _c23 cm. |
||
| 650 | 0 |
_aCost and standard of living _zGermany. |
|
| 651 | 0 |
_aGermany _xEconomic conditions. |
|
| 650 | 0 |
_aFinance, Public _zGermany. |
|
| 999 |
_c35779 _d35779 |
||